00850njm a2200241Ia 450000100060000000300090000600500170001500800410003204000130007304000130008610000260009910000180012510000370014324500410018025000110022126000090023226000630024130000170030430000300032150000210035150501840037265000520055624004IT-RoPAU20220918181127.0131025s9999 xx 000 0 und d aIT-RoPAU cIT-RoPAU aBach Johann Sebastian eAutore musica gCodice autore musica SPICS: 9695 aWerke Fur Laute BWV 995-1000 & 1006A a1a ed. aROMA bSPICS RECORDSc1984 [1a Ed.:1973 - Ed. Lingua Orig.: 1722] aMUSICASSETTA c100 minuti (Testo: pag.) aMusica classica. aWerke Fur Laute Suite g moll bwv 995 - Suite e moll bwv 966 - Praeludium, Fuge und Allegro es dur bwv 998 - Suite c moll bwv 997 - Praeludium c moll bwv 999 - Fuge g moll bwv 1000 aCLASSICA [CASSETTE]eCodice MATERIA SPICS: 9951